000 00551nam a2200169Ia 4500
003 GCL
008 140319s9999 xx 000 0 ara d
040 _aGCL /
_cGCL
082 0 4 _a301.241
_bن ت
100 1 _aنبيل السمالوطى
245 1 0 _aالتنمية بين الاجتهادات الوضعية والدينية دراسة مقارنة /
_cنبيل السمالوطى
490 _aكتاب
_v0
650 0 4 _aالمجتمع
650 0 4 _aالتنمية الاجتماعية
650 0 4 _aالاجتماع، علم
942 _2ddc
_cBK
999 _c42157
_d42157